| 000 | 01116 a2200241 4500 | ||
|---|---|---|---|
| 999 |
_c5530 _d5530 |
||
| 020 | _a0471966266 (pbk.) | ||
| 050 | 0 | 0 | _aRA418.5MAC1997 |
| 100 | 1 | _aMacLachlan, Malcolm. | |
| 245 | 1 | 0 |
_aCulture and health / _cMalcolm MacLachlan. |
| 264 |
_aNew York: _bJohn Wiley and sons, _cc1997 |
||
| 300 |
_axv, 316 p. : _bill. |
||
| 440 | 0 | _aWiley series in culture and professional practice | |
| 500 | _aincludes index | ||
| 504 | _aIncludes bibliographical references (p. [301]-311) and index. | ||
| 650 | 0 | _aTranscultural medical care. | |
| 650 | 0 |
_aEthnic groups _xHealth and hygiene. |
|
| 650 | 0 |
_aMinorities _xHealth and hygiene. |
|
| 856 | 4 | 2 |
_3Publisher description _uhttp://www.loc.gov/catdir/description/wiley032/97008648.html |
| 856 | 4 | 1 |
_3Table of contents only _uhttp://www.loc.gov/catdir/toc/wiley022/97008648.html |
| 856 | 4 | 2 |
_3Contributor biographical information _uhttp://www.loc.gov/catdir/enhancements/fy0642/97008648-b.html |
| 942 |
_2lcc _cBK _h418.5 _iMAC _kRA |
||